| 000 | 00935 a2200157 4500 | ||
|---|---|---|---|
| 003 | Nust | ||
| 005 | 20170207154215.0 | ||
| 040 | _cNust | ||
| 082 | _a378.4 | ||
| 245 |
_aUni of Hertfordshire - UG Prospectus 2001 _cUni of Hertfordshire |
||
| 260 |
_aHertfordshire _bUni of Hertfordshire _c2001 |
||
| 300 | _a308 p. | ||
| 505 | _aEnjoying Life in Hertfordshire (Page-6) Socialising on Campus (Page-10) Keeping Fit Indoors and out (Page-16) Finding Somewhere to Live (Page-20) Studying at the Hatfield Campus (Page-24) Studying at the Watford Campus (Page-30) Observatory and Field Station (Page-36) Planning your Studies (Page-40) Studying on Part-time Course (Page-44) Developing your Career (Page-46) Finding Help if you Need it (Page-48) More about the Uni (Page-50) Working in Partnership (Page-52) How to Apply (Page-54) Faculties (Page-56) How to Find us (Page-293) | ||
| 538 | _aAlmirah No. 117 Shelf No. 2 | ||
| 650 | _aUG Prospectus | ||
| 942 |
_2ddc _cBK |
||
| 999 |
_c195082 _d195082 |
||